| 000 | 00797cam a2200241 a 4500 | ||
|---|---|---|---|
| 001 | 33 | ||
| 003 | BR-CuiBMT | ||
| 005 | 20231116034043.0 | ||
| 008 | 230804s2021 mgb 000 0 por d | ||
| 020 | _a9786555182736 | ||
| 040 |
_aBR-CuiBMT _cBR-CuiBMT |
||
| 080 |
_a346 _22007 |
||
| 090 |
_a346 _bT658c |
||
| 100 | 1 | _aTomkowski, Fábio Goulart | |
| 245 | 1 | 0 |
_aConstituição econômica e produtividade / _cFábio Goulart Tomkowski ; prefácios Ives Gandra da Silva Martins, Fernando Facury Scaff. |
| 260 |
_aBelo Horizonte : _bFórum, _c2021. |
||
| 300 |
_a376 p. ; _c22 cm |
||
| 504 | _aInclui bibliografia. | ||
| 650 |
_aDireito econômico _xProdutividade |
||
| 650 |
_aDesenvolvimento sustentável _xConstituição federal _zBrasil _y1988 |
||
| 650 |
_aProdutividade _xEconomia |
||
| 942 |
_2udc _cLV |
||
| 999 |
_c33 _d33 |
||